Pressplay : (Record no. 352967)

000 -LEADER
fixed length control field 01832 a2200301 4500
003 - CONTROL NUMBER IDENTIFIER
control field OSt
005 - DATE AND TIME OF LATEST TRANSACTION
control field 20180116192352.0
008 - FIXED-LENGTH DATA ELEMENTS--GENERAL INFORMATION
fixed length control field 120601t xxu||||| |||| 00| 0 eng d
010 ## - LIBRARY OF CONGRESS CONTROL NUMBER
LC control number 2006283956
020 ## - INTERNATIONAL STANDARD BOOK NUMBER
International Standard Book Number 0714845337
020 ## - INTERNATIONAL STANDARD BOOK NUMBER
International Standard Book Number 9780714845333
035 ## - SYSTEM CONTROL NUMBER
System control number (OCoLC)ocm63658187
040 ## - CATALOGING SOURCE
Transcribing agency 0
082 04 - DEWEY DECIMAL CLASSIFICATION NUMBER
Classification number 709.22
245 00 - TITLE STATEMENT
Title Pressplay :
Remainder of title contemporary artists in conversation.
246 3# - VARYING FORM OF TITLE
Title proper/short title Press play
246 3# - VARYING FORM OF TITLE
Title proper/short title Contemporary artists in conversation
260 ## - PUBLICATION, DISTRIBUTION, ETC.
Place of publication, distribution, etc. London ;
-- New York :
Name of publisher, distributor, etc. Phaidon,
Date of publication, distribution, etc. 2005
300 ## - PHYSICAL DESCRIPTION
Extent 714 p., [96] p. of plates :
Other physical details ill. (some col.) ;
Dimensions 26 cm.
500 ## - GENERAL NOTE
General note "Drawing together the complete Phaidon interviews with artists since 1995"--Cover flap.
500 ## - GENERAL NOTE
General note Includes index.
505 0# - FORMATTED CONTENTS NOTE
Formatted contents note Vito Acconci -- Doug Aitken -- Uta Barth -- Christian Boltanski -- Louise Bourgeois -- Cai Guo-Qiang -- Maurizio Cattelan -- Vija Celmins -- Richard Deacon -- Mark Dion -- Stan Douglas -- Marlen Dumas -- Jimmie Durham -- Olafur Eliasson -- Peter Fischli and David Weiss -- Tom Friedman -- Isa Genzken -- Antony Gormley -- Dan Graham -- Paul Graham -- Hans Haacke -- Mona Hatoum -- Thomas Hirschhorn -- Jenny Holzer -- Roni Horn -- Ilya Kabakov -- Alex Katz -- Mike Kelley -- Mary Kelly -- William Kentridge -- Yayoi Kusama -- Robert Mangold -- Christian Marclay -- Paul McCarthy -- Cildo Meireles -- Lucy Orta -- Raymond Pettibon -- Richard Prince -- Pipilotti Rist -- Doris Salcedo -- Thomas Schütte -- Lorna Simpson -- Nancy Spero -- Jessica Stockholder -- Wolfgang Tillmans -- Luc Tuymans -- Jeff Wall -- Gillian Wearing -- Lawrence Weiner -- Franz West.
650 10 - SUBJECT ADDED ENTRY--TOPICAL TERM
Topical term or geographic name entry element Artists
9 (RLIN) 3697
650 10 - SUBJECT ADDED ENTRY--TOPICAL TERM
Topical term or geographic name entry element Art, Modern
Chronological subdivision 20th century.
9 (RLIN) 3698
650 10 - SUBJECT ADDED ENTRY--TOPICAL TERM
Topical term or geographic name entry element Artists
9 (RLIN) 3699
942 ## - ADDED ENTRY ELEMENTS (KOHA)
Institution code [OBSOLETE] SADA
Koha item type Book
Call number prefix 709.22 PRE 2005
Source of classification or shelving scheme
Holdings
Withdrawn status Lost status Source of classification or shelving scheme Damaged status Not for loan Permanent Location Current Location Date acquired Total Checkouts Total Renewals Full call number Barcode Date last seen Date last checked out Cost, replacement price Price effective from Koha item type
          School of Art Design and Architecture (SADA) School of Art Design and Architecture (SADA) 05/20/2011 2 2 709.22 PRE 2005 SADA0001062 01/20/2016 10/13/2015 3273.00 08/05/2011 Book
© 2023 Central Library, National University of Sciences and Technology. All Rights Reserved.